| 000 | 00792 a2200301 4500 | ||
|---|---|---|---|
| 005 | 20260129110134.0 | ||
| 008 | 260128b |||||||| |||| 00| 0 eng d | ||
| 020 |
_a9781319365486 _c£ 83.99 |
||
| 040 | _aMAIN | ||
| 082 |
_a571.6 _bL821M(9) |
||
| 100 | _alodish, Harvey | ||
| 245 | _aMolecular cell biology molecular cell biology | ||
| 250 | _a9th | ||
| 260 |
_bMacmillan Learning _c2021 _aNew York |
||
| 300 | _axliii, 1184 | ||
| 650 | _aBiology | ||
| 650 | _aCell Biology | ||
| 650 | _aMolecular Biology | ||
| 700 | _aBerk, Arnold | ||
| 700 | _aKaiser, Chris A | ||
| 700 | _aKrieger, Monty | ||
| 700 | _aBretscher, Anthony | ||
| 700 | _aPloegh, Hidde | ||
| 700 | _aMartin, Kelsey C | ||
| 700 | _aYaffe, Michael B | ||
| 700 | _aAmon, Angelika | ||
| 942 | _cBK | ||
| 999 |
_c395095 _d395095 |
||